01400nam a2200241Ia 4500001000900000003001000009008004100019040002500060041001400085100004500099245006200144250001100206260004900217300002800266500026200294501011400556520026200670650001500932942000700947957000600954999004000960952015801000L110-797IT-CnALBA170116s9999||||xx |||||||||||||| ||und|| aIT-CnALBAcIT-CnALBA aFRANCESE  aBOSSUET JACQUES-BENIGNE VESCOVO DI MEAUX 0aOUVRES CHOISIES DE BOSSUET TOME I OUVRES PHILOSOPHIQUES.  a1a ed. a PARISbBONNE PRESSE, MAISON DE LA... cn.d. a462 p. (prefazione: 59) aBREVE STORIA DI BOSSUET. CONNESSIONE TRA DIO E SÈ STESSO. LOGICA LIBERO ARBITRIO. TRATTATO DELLE CAUSE. SENTENZE. BRANI DI ARISTOTELE. ANIMA CORPI UNIONE TRA ANIMA E CORPO. DIO CREATORE DELL'ANIMA E DEL CORPO E AUTORE DELLA LORO VITA. DIFFERENZA TRA UOMO  aSocietà San Paolo EM - Piazza San Paolo, 14 - 12051 ALBA (CN) (non commercial uses only) ® Copyright 2017 aBREVE STORIA DI BOSSUET. CONNESSIONE TRA DIO E SÈ STESSO. LOGICA LIBERO ARBITRIO. TRATTATO DELLE CAUSE. SENTENZE. BRANI DI ARISTOTELE. ANIMA CORPI UNIONE TRA ANIMA E CORPO. DIO CREATORE DELL'ANIMA E DEL CORPO E AUTORE DELLA LORO VITA. DIFFERENZA TRA UOMO  aMETAFISICA cBK 71 a895bNOg Copie: 1 c260032d260032 0010406L_11079771aALBAbALBAd2017-01-16l0oL110-797r2017-01-16 00:00:00w2017-01-16yBKz(data import: 16 gennaio 2017) - By Epidotti, Vaglietti.